000 01121nam a2200181 4500
005 20251022101538.0
008 251022b |||||||| |||| 00| 0 eng d
020 _a9780691236117
037 _cTextual
040 _aRTL
_cRTL
084 _qRTL
100 _aLLoyd, Karen G.
_9849091
245 _aIntra terrestrials: Discovering the strangest life on earth
260 _aPrinceton
_bPrinceton University press
_c2025
300 _a232 p.
_bIncludes bibliographical reference and index
520 _aLife thrives in the deepest, darkest recesses of Earth's crust -- from methane seeps in the ocean floor to the highest reaches of Arctic permafrost -- and it is unlike anything seen on the surface. Intraterrestrials shares what scientists are learning about these strange types of microbial life -- and how research expeditions to some of the most extreme locales on the planet are broadening our understanding of what life is and how its earliest forms may have evolved. Drawing on her experiences and those of her fellow scientists working in challenging and often dangerous conditions.
942 _2CC
_n0
_cTEXL
999 _c1464939
_d1464939